| 000 | 00786nam a2200193Ii 4500 | ||
|---|---|---|---|
| 003 | JO-AjNU | ||
| 008 | 230605s9999||||xx |||||||||||||| ||und|| | ||
| 040 |
_aJO-AjNU _bara _erda _cJO-AjNU |
||
| 041 | _aara | ||
| 050 | 1 | 4 | _aHA29.5.A7.F3764.1982 |
| 100 | 3 |
_aاحمد، فاروق عبدالعظيم/عبد المرضى خامد عزام/يحيى سعد زغلول, _eauthor _939597 |
|
| 245 | 0 | 0 | _aمقدمة في طرق البحث الاحصائي وتحليل الظواهر |
| 264 | 3 | 1 | _aالاسكندرية:دار المطبوعات الجامعية،1982 |
| 300 |
_a123ص _bمربعات وجذور تربيعية |
||
| 336 |
_atext _btxt _2rdacontent |
||
| 337 |
_aunmediated _bn _2rdamedia |
||
| 338 |
_avolume _bnc _2rdacarrier |
||
| 650 | 4 |
_aطرق البحث-احصاء _939598 |
|
| 999 |
_aA16736 _c20304 _d20304 |
||